00748cam a22002052 450000100060000000300080000600500170001400800390003103500190007004000370008904100080012608200150013410000480014924501180019725000580031526000670037330000570044065000150049765000300051213088BD-RjUL20211208235413.0140130s1932 xx 000 0 eng a(BD-RjUL)13138 aDLCcFQGdSERdEQOdBD-RjULbeng aeng a691.7bKED1 aKetchum, Milo S.q(Milo Smith),d1872-1934.04aThe design of steel mill buildings and the calculation of stresses in framed structures /cby Milo S. Ketchum ... a5th ed., [1st thousand, total issue, 24 thousand ...] aNew York and London :bMcGraw Hill book company, inc.,cc1932. axx, 632 p. :billus., diagrs. (part fold.) ;c23 cm. 0aFactories. 0aBuilding, Iron and steel.